000 00715cam a22002171 4500
001 g 01000575
003 DLC
005 20260227111252.0
008 940207r1893uuuugw 000 0 ger
010 _ag 01000575
035 _a(OCoLC)29762506
040 _aDLC
_cIEN
_dDLC
042 _apremarc
050 0 0 _aHV6018
_b.K7
100 1 _aKöbner, Otto Max.
245 0 4 _aDie methode einer wissenschaftlichen rückfallsstatistik als grundlage einer reform der kriminalstatistik ...
260 _aBerlin,
_bJ. Guttentag,
_c1893.
300 _a3 p. l., 124 p.
_c23 cm.
500 _aSonderabdruck aus der Zeitschrift für die gesamte strafrechtswissenschaft. bd. XIII, hft. 5.
650 0 _aCriminal statistics.
999 _c23503
_d23503